National Federation of Demolition Contractors (Record no. 119914)

MARC details
000 -LEADER
fixed length control field 00685cam a2200169 4500
001 - CONTROL NUMBER
control field WS114780
008 - FIXED-LENGTH DATA ELEMENTS--GENERAL INFORMATION
fixed length control field 010921n 000 0 eng u
035 ## - SYSTEM CONTROL NUMBER
System control number (Sirsi) u114780
110 ## - MAIN ENTRY--CORPORATE NAME
Corporate name or jurisdiction name as entry element National Federation of Demolition Contractors
9 (RLIN) 1975
245 ## - TITLE STATEMENT
Title National Federation of Demolition Contractors
520 ## - SUMMARY, ETC.
Summary, etc. Web site for this organisation for demolition and dismantling contractors inlcuding guidance for property and site owners, details of publications and training.
650 ## - SUBJECT ADDED ENTRY--TOPICAL TERM
Topical term or geographic name entry element ORGANISATION
650 ## - SUBJECT ADDED ENTRY--TOPICAL TERM
Topical term or geographic name entry element DEMOLITION
690 ## - LOCAL SUBJECT ADDED ENTRY--TOPICAL TERM (OCLC, RLIN)
Topical term or geographic name as entry element BUILT ENVIRONMENT
856 40 - ELECTRONIC LOCATION AND ACCESS
Uniform Resource Identifier <a href="https://www.demolition-nfdc.com">https://www.demolition-nfdc.com</a>
Public note View the website free of charge at www.demolition-nfdc.com...
942 ## - ADDED ENTRY ELEMENTS (KOHA)
Suppress in OPAC 0
Holdings
Withdrawn status Lost status Source of classification or shelving scheme Damaged status Not for loan Home library Current library Shelving location Date acquired Total Checkouts Full call number Barcode Date last seen Copy number Price effective from Koha item type
    Dewey Decimal Classification     Virtual Virtual Online 21/09/2001   WEB SITE 114780-2001 06/08/2019 1 06/08/2019 Online material